000 01131nam0a22002771 4500
001 rc\3635413
005 20260407111128.0
021 _aRU
_b[74-60629]
035 _a(NLR Aleph) 007826728
090 _a7761810
_c7761810
100 _a20130115d1973 |||y0rusy50 ca
101 0 _arus
102 _aRU
105 _aa z |||||
200 1 _aМетодические рекомендации по конструированию женской верхней одежды
_fM-во бытового обслуживания населения УССР. Респ. дом моделей
210 _aКиев
_cБ. и.
_d1973
215 _a56 с.
_cил.
_d28
300 _aНа обороте тит. л.: разраб. Ластовка О.А.
606 _aОдежда женская, верхняя
_xКонструирование
_2psbo
702 1 _aЛастовка
_bО.А.
_4570
712 0 2 _aУкраинский республиканский дом моделей
_cКиев
_3RU\NLR\AUTH\889938691
_9372232
801 0 _aRU
_bNLR
_gpsbo
801 1 _aRU
_bELAR
_2rusmarc
852 _aNLR
_j74-8/860
942 _cBOOK
980 _aNB